<?xml version="1.0" encoding="UTF-8"?>
<record
    xmlns:xsi="http://www.w3.org/2001/XMLSchema-instance"
    xsi:schemaLocation="http://www.loc.gov/MARC21/slim http://www.loc.gov/standards/marcxml/schema/MARC21slim.xsd"
    xmlns="http://www.loc.gov/MARC21/slim">

  <leader>00818nam a2200241 a 4500</leader>
  <controlfield tag="001">BRCA_3760</controlfield>
  <controlfield tag="005">20190320204420.0</controlfield>
  <controlfield tag="008">061009s1997----mx-a---###---#000-0#spa-#</controlfield>
  <datafield tag="041" ind1=" " ind2=" ">
    <subfield code="a">spa</subfield>
  </datafield>
  <datafield tag="044" ind1=" " ind2=" ">
    <subfield code="a">mx</subfield>
  </datafield>
  <datafield tag="050" ind1=" " ind2="4">
    <subfield code="a">TA217</subfield>
    <subfield code="b">.N48 1997</subfield>
  </datafield>
  <datafield tag="100" ind1="1" ind2=" ">
    <subfield code="a">Net, Elizabeth</subfield>
    <subfield code="d">1947-</subfield>
    <subfield code="9">9804</subfield>
  </datafield>
  <datafield tag="245" ind1="1" ind2="0">
    <subfield code="a">ICA construcci&#xF3;n urbana</subfield>
    <subfield code="b">4 grabados del Centro Hist&#xF3;rico de la Ciudad de M&#xE9;xico</subfield>
    <subfield code="c">Elizabeth Net.</subfield>
  </datafield>
  <datafield tag="260" ind1=" " ind2=" ">
    <subfield code="a">M&#xE9;xico</subfield>
    <subfield code="b">ICA</subfield>
    <subfield code="c">1997</subfield>
  </datafield>
  <datafield tag="300" ind1=" " ind2=" ">
    <subfield code="a">1 v. (sin paginaci&#xF3;n)</subfield>
    <subfield code="b">il., 4 l&#xE1;minas</subfield>
    <subfield code="c">43 cm.</subfield>
  </datafield>
  <datafield tag="500" ind1=" " ind2=" ">
    <subfield code="a">Colecci&#xF3;n Sonia Corcuera de Mancera</subfield>
  </datafield>
  <datafield tag="500" ind1=" " ind2=" ">
    <subfield code="a">Por su formato NO se presta a domicilio</subfield>
  </datafield>
  <datafield tag="610" ind1="2" ind2="4">
    <subfield code="a">Ingenieros Civiles Asociados (firma comercial)</subfield>
    <subfield code="x">Historia</subfield>
    <subfield code="9">9805</subfield>
  </datafield>
  <datafield tag="651" ind1=" " ind2="4">
    <subfield code="a">Ciudad de M&#xE9;xico</subfield>
    <subfield code="x">Edificios</subfield>
    <subfield code="9">9806</subfield>
  </datafield>
  <datafield tag="651" ind1=" " ind2="4">
    <subfield code="a">Ciudad de M&#xE9;xico</subfield>
    <subfield code="x">Historia</subfield>
    <subfield code="9">691</subfield>
  </datafield>
  <datafield tag="902" ind1=" " ind2=" ">
    <subfield code="a">DSC</subfield>
  </datafield>
  <datafield tag="942" ind1=" " ind2=" ">
    <subfield code="2">lcc</subfield>
    <subfield code="c">B</subfield>
  </datafield>
  <datafield tag="999" ind1=" " ind2=" ">
    <subfield code="c">3489</subfield>
    <subfield code="d">3489</subfield>
  </datafield>
  <datafield tag="952" ind1=" " ind2=" ">
    <subfield code="0">0</subfield>
    <subfield code="1">0</subfield>
    <subfield code="4">0</subfield>
    <subfield code="7">0</subfield>
    <subfield code="a">BRCA</subfield>
    <subfield code="b">BRCA</subfield>
    <subfield code="d">2009-10-06</subfield>
    <subfield code="l">0</subfield>
    <subfield code="o">TA217 .N48 1997</subfield>
    <subfield code="p">DSC00080</subfield>
    <subfield code="r">2019-03-22 00:00:00</subfield>
    <subfield code="w">2019-03-22</subfield>
    <subfield code="y">B</subfield>
  </datafield>
</record>
